000
00231nam a22000857a 4500
999
_c
11504
_d
11504
008
190530b ||||| |||| 00| 0 eng d
020
_a
9781576581643
100
_9
7221
_a
BENGE J G
245
_a
CAMERON TOWNSEND GOOD NEWS IN EVERY LANGUAGE